000 00584nam a2200181 i 4500
001 120366
003 ES-MaACL
005 20231229062546.0
007 t|
008 070214s1963 sp r ||||1| spa d
245 0 0 _aPoetas líricos griegos /
_cselección, introducción y notas de Federico Carlos Sainz de Robles.
260 _aMadrid :
_bEspasa-Calpe,
_c1963.
300 _a168 p. ;
_c18 cm.
650 4 _aPoesías líricas griegas.
_916235
700 1 _aSainz de Robles, Federico Carlos,
_d1898-1982
_9101593
852 _aES-MaACL
_jG-9862
_bR.52029
999 _c120366
_d120366